[Event "CHN-chT"]
[Site "Hangzhou"]
[Date "2023.05.26"]
[Round "8.3"]
[White "Gu, Jiazhen"]
[Black "Wu, Wenda"]
[Result "1-0"]
[WhiteElo "2079"]
[BlackElo "1693"]
[PlyCount "75"]
[EventDate "2023.05.19"]
[EventType "team-swiss"]
[EventRounds "9"]
[EventCountry "CHN"]
[SourceTitle "CBM 214 Extra"]
[Source "ChessBase"]
[SourceDate "2023.07.31"]
[SourceVersion "1"]
[SourceVersionDate "2023.07.31"]
[SourceQuality "1"]
[WhiteTeam "Shanghai"]
[BlackTeam "Ningbo"]
[WhiteTeamCountry "CHN"]
[BlackTeamCountry "CHN"]

1. Nf3 d5 2. g3 Nf6 3. Bg2 Bf5 4. 0-0 c6 5. d3 h6 6. b3 e6 7. Bb2 Be7 8. Nbd2 0-0 9. Re1 Bh7 10. e4 Nbd7 11. Qe2 dxe4 12. dxe4 a5 13. a4 Qc7 14. Red1 Rfd8 15. Ne1 Rab8 16. Nd3 b5 17. e5 Nd5 18. axb5 Bxd3 19. Qxd3 cxb5 20. Nf3 a4 21. Rdc1 a3 22. Bxa3 Bxa3 23. Rxa3 b4 24. Raa1 Nxe5 25. Nxe5 Qxe5 26. Bxd5 Rxd5 27. Qf3 Rc8 28. Ra7 f5 29. Qh5 Kh7 30. Qf7 Rdc5 31. Re7 R5c6 32. h4 R8c7 33. h5 Rxe7 34. Qxe7 Rc3 35. Qxb4 Rf3 36. Qe1 Qf6 37. Rd1 Qg5 38. Qxe6 1-0

[Event "CHN-chTB"]
[Site "Hefei"]
[Date "2023.04.19"]
[Round "5"]
[White "Gu, Jiazhen"]
[Black "Chen, Kailin"]
[Result "1/2-1/2"]
[WhiteElo "2042"]
[BlackElo "2047"]
[PlyCount "63"]
[EventDate "2023.04.17"]
[EventType "team-swiss"]
[EventRounds "9"]
[EventCountry "CHN"]
[SourceTitle "EXT 2024"]
[Source "ChessBase"]
[SourceDate "2023.10.10"]
[SourceVersion "1"]
[SourceVersionDate "2023.10.10"]
[SourceQuality "1"]
[WhiteTeam "Shanghai Haiwan"]
[BlackTeam "Hebei"]
[WhiteTeamCountry "CHN"]
[BlackTeamCountry "CHN"]

1. d4 e6 2. c4 d5 3. Nf3 Nf6 4. g3 Be7 5. Bg2 0-0 6. 0-0 dxc4 7. Qc2 a6 8. a4 Bd7 9. Qxc4 Bc6 10. Bg5 Nbd7 11. Nc3 h6 12. Bxf6 Nxf6 13. e3 Bd5 14. Qd3 Bxf3 15. Bxf3 c6 16. Rfd1 a5 17. Qc4 Qd6 18. Ne4 Nxe4 19. Bxe4 Rfd8 20. Rac1 Qb4 21. Qxb4 Bxb4 22. Kf1 Rd7 23. Ke2 Rad8 24. b3 h5 25. h4 g6 26. Bd3 Kg7 27. Bc4 Kf6 28. Rd3 e5 29. dxe5+ Kxe5 30. Rcd1 Rxd3 31. Rxd3 Rxd3 32. Kxd3 1/2-1/2

[Event "CHN-chTB"]
[Site "Hefei"]
[Date "2023.04.18"]
[Round "3"]
[White "Gu, Jiazhen"]
[Black "Li, Bo"]
[Result "1-0"]
[WhiteElo "2042"]
[BlackElo "2292"]
[PlyCount "171"]
[EventDate "2023.04.17"]
[EventType "team-swiss"]
[EventRounds "9"]
[EventCountry "CHN"]
[SourceTitle "EXT 2024"]
[Source "ChessBase"]
[SourceDate "2023.10.10"]
[SourceVersion "1"]
[SourceVersionDate "2023.10.10"]
[SourceQuality "1"]
[WhiteTeam "Shanghai Haiwan"]
[BlackTeam "Ningbo National Fitness"]
[WhiteTeamCountry "CHN"]
[BlackTeamCountry "CHN"]

1. d4 Nf6 2. Nf3 e6 3. c4 d5 4. g3 Bb4+ 5. Bd2 Be7 6. Bg2 0-0 7. 0-0 dxc4 8. Qa4 a6 9. Qxc4 b5 10. Qc1 Bb7 11. Bf4 Bd6 12. Nbd2 Bxf4 13. gxf4 Qd6 14. Nb3 Nbd7 15. Rd1 Rfd8 16. Ne5 Bxg2 17. Kxg2 Qd5+ 18. f3 Qd6 19. Kf2 Qb6 20. Nc5 Nxc5 21. Qxc5 Nd5 22. Rac1 f6 23. Nd3 Rd7 24. e4 Ne7 25. Nb4 a5 26. Nc6 Ng6 27. f5 exf5 28. Qxf5 Rd6 29. Qc5 Re8 30. Qxb6 cxb6 31. Na7 b4 32. Nb5 Rd7 33. Nc7 Rb8 34. Ke3 Kf7 35. f4 Rb7 36. Nb5 Rb8 37. e5 Rbd8 38. Ke4 Ne7 39. Nd6+ Rxd6 40. exd6 Rxd6 41. d5 Ke8 42. Rc7 g6 43. Rb7 h5 44. Rc1 Kd8 45. Rcc7 Nxd5 46. Rg7 Kc8 47. Ra7 Kb8 48. Rad7 f5+ 49. Ke5 Rxd7 50. Rxd7 Ne3 51. Kf6 Kc8 52. Rd2 h4 53. Kxg6 Kc7 54. Re2 Nd5 55. Kxf5 Kd6 56. Rd2 Kc5 57. Rxd5+ Kxd5 58. Kg6 Ke4 59. f5 Kd3 60. f6 Kc2 61. f7 Kxb2 62. f8Q Kxa2 63. Qf2+ Kb3 64. Qxb6 a4 65. Qa5 a3 66. Kg5 h3 67. Kg4 a2 68. Kxh3 Kb2 69. Qxb4+ Kc2 70. Qa4+ Kb2 71. Kg4 a1Q 72. Qxa1+ Kxa1 73. h4 Kb2 74. h5 Kc3 75. h6 Kd4 76. h7 Ke5 77. h8Q+ Ke4 78. Qd8 Ke5 79. Qd3 Ke6 80. Qd4 Kf7 81. Qd6 Kg7 82. Kf5 Kh7 83. Qg6+ Kh8 84. Qg5 Kh7 85. Kf6 Kh8 86. Qg7# 1-0

[Event "China zt 3.5"]
[Site "Shenzhen"]
[Date "2023.04.05"]
[Round "1"]
[White "Li, Bo"]
[Black "Gu, Jiazhen"]
[Result "1-0"]
[WhiteElo "2292"]
[BlackElo "2042"]
[PlyCount "93"]
[EventDate "2023.04.05"]
[EventType "swiss"]
[EventRounds "9"]
[EventCountry "CHN"]
[SourceTitle "CBM 213 Extra"]
[Source "ChessBase"]
[SourceDate "2023.05.31"]
[SourceVersion "1"]
[SourceVersionDate "2023.05.31"]
[SourceQuality "1"]

1. d4 Nf6 2. c4 e6 3. g3 Bb4+ 4. Bd2 a5 5. Bg2 0-0 6. Nf3 b6 7. Ne5 Ra7 8. Nd3 Bxd2+ 9. Qxd2 Bb7 10. Bxb7 Rxb7 11. Nc3 d6 12. 0-0 Qe7 13. e4 Nc6 14. Nf4 e5 15. Nfe2 Qe6 16. d5 Qh3 17. f3 Ne7 18. Nc1 Nd7 19. Nd3 Rbb8 20. Nb5 Rbc8 21. b3 h6 22. Qe2 Qh5 23. Rae1 Qg6 24. f4 exf4 25. Rxf4 f6 26. Rf2 Qe8 27. Nf4 Nc5 28. Qg4 Kh8 29. Rff1 g5 30. Ne6 Nxe6 31. Qxe6 Ng8 32. Qf5 Ne7 33. Qh3 Qg6 34. Qd7 Qg7 35. Na7 Rfd8 36. Qe6 Ra8 37. Rxf6 Ng8 38. Rf7 Qd4+ 39. Kh1 Rf8 40. Nb5 Qd2 41. Ref1 Rxf7 42. Rxf7 Qd1+ 43. Kg2 Qe2+ 44. Rf2 Qd3 45. Qg6 g4 46. Nxc7 Ra7 47. Ne8 1-0

[Event "CHN-chT"]
[Site "Nanjing"]
[Date "2023.02.19"]
[Round "6.4"]
[White "Gu, Jiazhen"]
[Black "Chen, Hongsen"]
[Result "0-1"]
[WhiteElo "2088"]
[BlackElo "1862"]
[PlyCount "76"]
[EventDate "2023.02.14"]
[EventType "team-swiss"]
[EventRounds "9"]
[EventCountry "CHN"]
[SourceTitle "CBM 212 Extra"]
[Source "ChessBase"]
[SourceDate "2023.03.31"]
[SourceVersion "1"]
[SourceVersionDate "2023.03.31"]
[SourceQuality "1"]
[WhiteTeam "Shanghai"]
[BlackTeam "Jiangsu"]
[WhiteTeamCountry "CHN"]
[BlackTeamCountry "CHN"]

1. d4 Nf6 2. c4 c5 3. d5 e6 4. Nc3 exd5 5. cxd5 d6 6. Nf3 g6 7. g3 a6 8. a4 Bg7 9. Bg2 0-0 10. 0-0 Re8 11. Re1 Ne4 12. Nxe4 Rxe4 13. Nd2 Rb4 14. Ra2 c4 15. Qc2 Qa5 16. Rd1 Qc5 17. Ne4 Bf5 18. Be3 Qc7 19. Qd2 a5 20. Nc3 Na6 21. Nb5 Qe7 22. Bf4 Rd8 23. e4 Bg4 24. f3 Bc8 25. Bg5 Bf6 26. Bxf6 Qxf6 27. Qc3 Qg5 28. f4 Qh5 29. Rf1 Bh3 30. Qf6 Rd7 31. Bxh3 Qxh3 32. Nxd6 Rb6 33. e5 Nb4 34. e6 Rbxd6 35. exd7 Qxd7 36. Qc3 Nxa2 37. Qxc4 Nb4 38. f5 Nxd5 0-1

[Event "CHN-chT"]
[Site "Liaocheng"]
[Date "2021.10.27"]
[Round "8.4"]
[White "Xiao, Tong"]
[Black "Gu, Jiazhen"]
[Result "1-0"]
[WhiteElo "1990"]
[BlackElo "2085"]
[PlyCount "89"]
[EventDate "2021.10.20"]
[EventType "team-swiss"]
[EventRounds "9"]
[EventCountry "CHN"]
[SourceTitle "CBM 204 Extra"]
[Source "ChessBase"]
[SourceDate "2021.11.30"]
[SourceVersion "1"]
[SourceVersionDate "2021.11.30"]
[SourceQuality "1"]
[WhiteTeam "Shandong"]
[BlackTeam "Shanghai"]
[WhiteTeamCountry "CHN"]
[BlackTeamCountry "CHN"]

1. e4 c5 2. Nf3 d6 3. Bb5+ Nd7 4. 0-0 a6 5. Bxd7+ Bxd7 6. d4 cxd4 7. Qxd4 e5 8. Qd3 h6 9. c4 b5 10. Nc3 Qb6 11. Be3 Qb7 12. Nd5 Nf6 13. Nxf6+ gxf6 14. Nd2 h5 15. Rac1 Rd8 16. f3 Be6 17. Rfd1 Bh6 18. Bxh6 Rxh6 19. Qe3 Rg6 20. b3 Bh3 21. g3 h4 22. Kf2 f5 23. exf5 hxg3+ 24. hxg3 Bxf5 25. c5 Qe7 26. Rh1 dxc5 27. Rh8+ Kd7 28. Rh5 Be6 29. Ne4 f6 30. Nxc5+ Ke8 31. Nxe6 Qxe6 32. Rc7 Rd7 33. Rh8+ Rg8 34. Rxg8+ Qxg8 35. Rc8+ Rd8 36. Rxd8+ Kxd8 37. Qb6+ Ke7 38. Qb7+ Kf8 39. Qxa6 Qg5 40. Qxb5 Qd2+ 41. Qe2 Qd4+ 42. Kg2 f5 43. Qc2 e4 44. fxe4 Ke7 45. exf5 1-0

[Event "China zt 3.5"]
[Site "Shaoxing"]
[Date "2021.05.26"]
[Round "4"]
[White "Xiang, Zeyu"]
[Black "Gu, Jiazhen"]
[Result "1-0"]
[WhiteElo "2446"]
[BlackElo "2116"]
[PlyCount "83"]
[EventDate "2021.05.23"]
[EventType "swiss"]
[EventRounds "9"]
[EventCountry "CHN"]
[SourceTitle "CBM 202 Extra"]
[Source "ChessBase"]
[SourceDate "2021.07.31"]
[SourceVersion "1"]
[SourceVersionDate "2021.07.31"]
[SourceQuality "1"]

1. d4 Nf6 2. c4 e6 3. Nf3 b6 4. a3 Bb7 5. Nc3 Be7 6. d5 d6 7. g3 Nbd7 8. Bg2 0-0 9. 0-0 e5 10. b4 c6 11. dxc6 Bxc6 12. Bb2 Rc8 13. Qb3 Qc7 14. Rac1 Rfd8 15. Nd5 Bxd5 16. cxd5 Qb8 17. Nd2 b5 18. Qd3 Nb6 19. Qxb5 Nbxd5 20. Qxb8 Rxb8 21. Nc4 Rbc8 22. Na5 Rxc1 23. Rxc1 Bf8 24. Bh3 Rb8 25. Rc6 g5 26. Bg2 Kg7 27. Nc4 Rd8 28. b5 Rd7 29. a4 Be7 30. a5 Kf8 31. b6 axb6 32. Rc8+ Rd8 33. Rxd8+ Bxd8 34. a6 Nc7 35. a7 Ke7 36. Nxb6 Ke6 37. Bc3 d5 38. Ba5 e4 39. Nxd5 Nfxd5 40. Bxe4 Na8 41. Bxd8 h6 42. Kf1 1-0

[Event "Tianjin Binhai Cup 2nd"]
[Site "Tianjin"]
[Date "2020.01.18"]
[Round "9"]
[White "Li, Yunshan"]
[Black "Gu, Jiazhen"]
[Result "0-1"]
[WhiteElo "2274"]
[BlackElo "2012"]
[PlyCount "84"]
[EventDate "2020.01.13"]
[EventType "swiss"]
[EventRounds "9"]
[EventCountry "CHN"]
[SourceTitle "CBM 194 Extra"]
[Source "ChessBase"]
[SourceDate "2020.03.31"]
[SourceVersion "1"]
[SourceVersionDate "2020.03.31"]
[SourceQuality "1"]

1. d4 Nf6 2. c4 e6 3. Nc3 Bb4 4. Qc2 0-0 5. a3 Bxc3+ 6. Qxc3 d6 7. Bg5 Nbd7 8. e3 Qe8 9. Bd3 e5 10. Ne2 h6 11. Bh4 b6 12. 0-0 Bb7 13. b4 Be4 14. Bxe4 Nxe4 15. Qd3 Nef6 16. Rfc1 Qe6 17. Nc3 a5 18. Nd5 Rfc8 19. Nxf6+ Nxf6 20. d5 Qe7 21. c5 g5 22. cxb6 cxb6 23. Bg3 axb4 24. axb4 Qc7 25. h3 Qxc1+ 26. Rxc1 Rxc1+ 27. Kh2 Raa1 28. Bxe5 dxe5 29. d6 Rd1 30. Qf5 Rxd6 31. Qxe5 Rad1 32. Qg3 R1d5 33. h4 Re6 34. hxg5 hxg5 35. Qb8+ Kg7 36. f3 Rxe3 37. Qxb6 Re2 38. Qc6 Rdd2 39. Kg1 Rxg2+ 40. Kf1 Rdf2+ 41. Ke1 Rb2 42. Kf1 Rgc2 0-1

[Event "Belt and Road Hunan op-B"]
[Site "Changsha"]
[Date "2019.08.02"]
[Round "8"]
[White "Bai, Xue"]
[Black "Gu, Jiazhen"]
[Result "1/2-1/2"]
[WhiteElo "2029"]
[BlackElo "2005"]
[PlyCount "67"]
[EventDate "2019.07.29"]
[EventType "swiss"]
[EventRounds "9"]
[EventCountry "CHN"]
[SourceTitle "EXT 2020"]
[Source "ChessBase"]
[SourceDate "2019.10.17"]
[SourceVersion "1"]
[SourceVersionDate "2019.10.17"]
[SourceQuality "1"]

1. e4 c5 2. Nf3 d6 3. d4 cxd4 4. Nxd4 Nf6 5. Nc3 a6 6. h3 e6 7. g3 b5 8. Bg2 Bb7 9. a3 Qc7 10. 0-0 Nc6 11. Nxc6 Bxc6 12. Qd4 Be7 13. Be3 0-0 14. Rad1 Rac8 15. Qd3 Rfd8 16. f4 d5 17. e5 Ne4 18. Bd4 Nxc3 19. Qxc3 Bd7 20. Qxc7 Rxc7 21. c3 a5 22. Kh2 Rb8 23. f5 exf5 24. Bxd5 Be6 25. Bg1 Kf8 26. g4 g6 27. Be3 Bxd5 28. Rxd5 b4 29. axb4 axb4 30. Bd4 bxc3 31. bxc3 fxg4 32. e6 f6 33. hxg4 Rc6 34. Bxf6 1/2-1/2

[Event "Belt and Road Hunan op-B"]
[Site "Changsha"]
[Date "2019.08.01"]
[Round "7"]
[White "Gu, Jiazhen"]
[Black "Qiu, Mengjie"]
[Result "0-1"]
[WhiteElo "2005"]
[BlackElo "2188"]
[PlyCount "90"]
[EventDate "2019.07.29"]
[EventType "swiss"]
[EventRounds "9"]
[EventCountry "CHN"]
[SourceTitle "EXT 2020"]
[Source "ChessBase"]
[SourceDate "2019.10.17"]
[SourceVersion "1"]
[SourceVersionDate "2019.10.17"]
[SourceQuality "1"]

1. d4 Nf6 2. Nf3 e6 3. g3 d5 4. Bg2 c5 5. 0-0 Nc6 6. c4 dxc4 7. Qa4 cxd4 8. Nxd4 Qxd4 9. Bxc6+ Bd7 10. Rd1 Bxc6 11. Qxc6+ bxc6 12. Rxd4 Rd8 13. Rxd8+ Kxd8 14. Be3 Kc7 15. Nd2 c3 16. bxc3 Nd5 17. Bd4 c5 18. Be5+ Bd6 19. Bxd6+ Kxd6 20. Nc4+ Kc7 21. Rc1 Rd8 22. Kf1 Nb6 23. Nxb6 axb6 24. Ke1 b5 25. c4 b4 26. Rd1 Rxd1+ 27. Kxd1 Kd6 28. Kd2 Ke5 29. Ke3 Kf5 30. Kf3 g5 31. g4+ Ke5 32. e3 f6 33. Ke2 f5 34. Kf3 Kd6 35. h3 Ke5 36. Ke2 Ke4 37. f3+ Ke5 38. gxf5 exf5 39. Kd3 h5 40. h4 gxh4 41. f4+ Kf6 42. Ke2 h3 43. Kf2 h4 44. Kg1 Kg6 45. Kh2 Kh6 0-1

[Event "Belt and Road Hunan op-B"]
[Site "Changsha"]
[Date "2019.07.31"]
[Round "4"]
[White "Gu, Xiaobing"]
[Black "Gu, Jiazhen"]
[Result "0-1"]
[WhiteElo "2314"]
[BlackElo "2005"]
[PlyCount "84"]
[EventDate "2019.07.29"]
[EventType "swiss"]
[EventRounds "9"]
[EventCountry "CHN"]
[SourceTitle "EXT 2020"]
[Source "ChessBase"]
[SourceDate "2019.10.17"]
[SourceVersion "1"]
[SourceVersionDate "2019.10.17"]
[SourceQuality "1"]

1. e4 c5 2. Nc3 d6 3. d4 cxd4 4. Qxd4 Nc6 5. Qd2 Nf6 6. b3 e6 7. Bb2 a6 8. 0-0-0 b5 9. Qe1 Be7 10. f4 Qc7 11. Nf3 0-0 12. g4 b4 13. Na4 d5 14. e5 Nxg4 15. Qg3 Ne3 16. Rg1 g6 17. Rd2 Rd8 18. Bd3 Nf5 19. Bxf5 exf5 20. Rd3 Bf8 21. Qh4 Bg7 22. Rgd1 Be6 23. Ng5 h6 24. Nxe6 fxe6 25. Rg1 Qe7 26. Qxe7 Nxe7 27. Bd4 Kf7 28. Bc5 Nc6 29. h4 g5 30. hxg5 hxg5 31. fxg5 Nxe5 32. Rdg3 Nc6 33. g6+ Kg8 34. Be3 e5 35. Bg5 Rd6 36. Nc5 Nd4 37. Kd1 f4 38. Rg4 Nf5 39. Ke2 Rc8 40. Nb7 Rd7 41. Nd8 Rxc2+ 42. Kd3 Rdc7 0-1

[Event "CHN-chB"]
[Site "Hangzhou"]
[Date "2019.07.04"]
[Round "6"]
[White "Fan, Huifeng"]
[Black "Gu, Jiazhen"]
[Result "1-0"]
[WhiteElo "2250"]
[BlackElo "2005"]
[PlyCount "73"]
[EventDate "2019.07.02"]
[EventType "swiss"]
[EventRounds "11"]
[EventCountry "CHN"]
[SourceTitle "CBM 191 Extra"]
[Source "ChessBase"]
[SourceDate "2019.09.30"]
[SourceVersion "1"]
[SourceVersionDate "2019.09.30"]
[SourceQuality "1"]

1. e4 c5 2. c3 d5 3. exd5 Qxd5 4. d4 Nc6 5. Nf3 Bg4 6. dxc5 Qxc5 7. Na3 e5 8. Nb5 Qe7 9. Qa4 Bxf3 10. gxf3 g6 11. b3 Nf6 12. Ba3 Qd8 13. Rd1 Nd7 14. Bh3 f5 15. Nd6+ Bxd6 16. Rxd6 0-0 17. Qc4+ Rf7 18. Bxf5 Nb6 19. Rxd8+ Nxd8 20. Qb5 Rxf5 21. Qe8+ Kg7 22. Qe7+ Rf7 23. Qxe5+ Kg8 24. Qe8+ Kg7 25. c4 Nd7 26. Bb2+ Nf6 27. 0-0 Rb8 28. Rd1 Nc6 29. Qe6 Rbf8 30. Rd6 a5 31. c5 h6 32. Qc4 Re7 33. f4 Ref7 34. f5 gxf5 35. Qe6 Kg6 36. h4 Re7 37. h5+ 1-0

[Event "CHN-chB"]
[Site "Hangzhou"]
[Date "2019.07.03"]
[Round "3"]
[White "Gu, Jiazhen"]
[Black "Huang, Renjie"]
[Result "0-1"]
[WhiteElo "2005"]
[BlackElo "2352"]
[PlyCount "68"]
[EventDate "2019.07.02"]
[EventType "swiss"]
[EventRounds "11"]
[EventCountry "CHN"]
[SourceTitle "CBM 191 Extra"]
[Source "ChessBase"]
[SourceDate "2019.09.30"]
[SourceVersion "1"]
[SourceVersionDate "2019.09.30"]
[SourceQuality "1"]

1. d4 Nf6 2. c4 e6 3. Nf3 d5 4. g3 dxc4 5. Qa4+ Nbd7 6. Qxc4 a6 7. Bg2 b5 8. Qc2 Bb7 9. 0-0 c5 10. e3 Rc8 11. Qe2 Be7 12. b3 cxd4 13. Nxd4 Bxg2 14. Kxg2 Ne5 15. Nd2 Qd5+ 16. N2f3 Qe4 17. Kg1 Nd3 18. Rd1 Nxc1 19. Raxc1 0-0 20. a4 e5 21. Nd2 Qb7 22. Nf5 Bb4 23. Nf3 g6 24. N5h4 Ne4 25. Qb2 Nc3 26. Re1 bxa4 27. Nxe5 a3 28. Qa1 Ne4 29. Ng4 h5 30. Nf6+ Nxf6 31. Qxf6 Be7 32. Qe5 Rxc1 33. Rxc1 Bxh4 34. gxh4 Qxb3 0-1

[Event "Da Qing U20 op-A"]
[Site "Da Qing"]
[Date "2019.01.23"]
[Round "8"]
[White "Gu, Jiazhen"]
[Black "Huang, Renjie"]
[Result "1/2-1/2"]
[WhiteElo "1968"]
[BlackElo "2351"]
[PlyCount "84"]
[EventDate "2019.01.20"]
[EventType "swiss"]
[EventRounds "9"]
[EventCountry "CHN"]
[SourceTitle "CBM 188 Extra"]
[Source "ChessBase"]
[SourceDate "2019.02.26"]
[SourceVersion "1"]
[SourceVersionDate "2019.02.26"]
[SourceQuality "1"]

1. d4 Nf6 2. c4 e6 3. Nf3 d5 4. g3 dxc4 5. Qa4+ Bd7 6. Qxc4 Bc6 7. Bg2 Bd5 8. Qa4+ Nc6 9. Nc3 Bb4 10. 0-0 Bxc3 11. bxc3 0-0 12. Bg5 h6 13. Bxf6 Qxf6 14. Nd2 Bxg2 15. Kxg2 a6 16. e3 b5 17. Qc2 Qe7 18. a4 b4 19. cxb4 Nxb4 20. Qc4 a5 21. Rfc1 c6 22. Qc5 Qd8 23. Ra3 Qc7 24. Nc4 Rfd8 25. Ne5 Rd5 26. Qc4 c5 27. Nf3 Qb7 28. e4 Rd7 29. dxc5 Rc7 30. Qd4 Rac8 31. Rc4 f6 32. Qe3 e5 33. Nh4 Qa6 34. Rac3 Qc6 35. Nf5 Qxa4 36. Ra3 Qd1 37. Rc1 Qd7 38. Rxa5 Nc6 39. Ra2 Nd4 40. Nxd4 exd4 41. Qb3+ Kh8 42. Rd2 Rxc5 1/2-1/2

[Event "Da Qing U20 op-A"]
[Site "Da Qing"]
[Date "2019.01.22"]
[Round "6"]
[White "Gu, Jiazhen"]
[Black "Aragones, Jerome Angelo"]
[Result "1-0"]
[WhiteElo "1968"]
[BlackElo "1823"]
[PlyCount "139"]
[EventDate "2019.01.20"]
[EventType "swiss"]
[EventRounds "9"]
[EventCountry "CHN"]
[SourceTitle "CBM 188 Extra"]
[Source "ChessBase"]
[SourceDate "2019.02.26"]
[SourceVersion "1"]
[SourceVersionDate "2019.02.26"]
[SourceQuality "1"]

1. d4 d5 2. Nf3 Nf6 3. c4 e6 4. e3 c6 5. Nbd2 dxc4 6. Nxc4 b5 7. Nce5 Bb7 8. Bd3 Nbd7 9. 0-0 a6 10. Nxd7 Nxd7 11. a4 Bd6 12. b3 0-0 13. Bb2 Re8 14. Ne5 Bxe5 15. dxe5 Qc7 16. Qc2 h6 17. axb5 axb5 18. Bxb5 Nxe5 19. Qc5 Nd7 20. Qd4 e5 21. Qc3 Nf6 22. Bc4 Qb6 23. Qd3 Rad8 24. Qg6 Nd5 25. Qg3 Qc7 26. Ra7 Rb8 27. Rc1 Qd6 28. Rd1 Qc7 29. h3 Ra8 30. Rxa8 Bxa8 31. f4 Qb6 32. Re1 Nxf4 33. Kh2 Ne6 34. Bxe5 Qb7 35. h4 c5 36. Rd1 Qe7 37. Bxe6 fxe6 38. Bd6 Qa7 39. Rc1 Rc8 40. b4 c4 41. Bc5 Qc7 42. Rxc4 Bd5 43. Rd4 Qxg3+ 44. Kxg3 Kf7 45. Rf4+ Kg6 46. Rf2 Rc7 47. Rb2 Kf5 48. Rf2+ Ke4 49. Rf4+ Kd3 50. Rd4+ Kc3 51. Rd1 Kc4 52. e4 Bb7 53. Kf4 Bc8 54. Ke5 Kb5 55. Rd8 Rc6 56. Rg8 Rc7 57. Bd6 Rc4 58. Rxg7 Ka6 59. Bc5 h5 60. Ra7+ Kb5 61. Rc7 Ba6 62. Rh7 Bc8 63. Rxh5 Bb7 64. Kxe6 Rxe4+ 65. Re5 Rg4 66. Rg5 Re4+ 67. Kf6 Rf4+ 68. Kg7 Kc4 69. h5 Rh4 70. g3 1-0